Logo BPK

Biblioteka

Politechniki Koszalińskiej

Word 2000 PL : (Rekord nr 38993)

Szczegóły MARC
000 -ETYKIETA REKORDU
podpole kontrolne o stałej długości 00595nam a2200217 i 4500
001 - NUMER KONTROLNY REKORDU
pole kontrolne bg
020 ## - MIĘDZYNARODOWY ZNORMALIZOWANY NUMER KSIĄŻKI - ISBN
ISBN 8371971559
040 ## - ŹRÓDŁO KATALOGOWANIA
Instytucja, która utworzyła rekord BPK
041 0# - KOD JĘZYKA
Kod języka tekstu pl
080 ## - UNIWERSALNA KLASYFIKACJA DZIESIĘTNA - UKD
UKD 004.42:004.4'232](076)
920 ## - Międzynarodowy znormalizowany numer książki – ISBN
ISBN 83-7197-155-9
008 - POLE O STAŁEJ DŁUGOŚCI - DANE KONTROLNE
podpole kontrolne o stałej długości s pl f |000 0 pol
100 1# - NAZWA OSOBOWA
Nazwa osobowa KOWALCZYK, Grzegorz
245 10 - TYTUŁ/ODPOWIEDZIALNOŚĆ
Tytuł Word 2000 PL :
Ciąg dalszy tytułu ćwiczenia praktyczne /
Pozostałe elementy strefy tytułu i oznaczenia odpowiedzialności Grzegorz Kowalczyk.
260 ## - STREFA ADRESU WYDAWNICZEGO
Miejsce wydania Gliwice :
Nazwa wydawcy/dystrybutora "Helion",
Data publikacji, dystrybucji/powstania dokumentu cop. 1999.
300 ## - STREFA OPISU FIZYCZNEGO
Objętość 104 s. :
Inne cechy fizyczne il. ;
Rozmiary 24 cm.
650 #9 - HASŁO PRZEDMIOTOWE W FORMIE NAZWY OGÓLNEJ LUB JEDNOSTKOWEJ
Nazwa ogólna lub geograficzna Word
655 ## - TERMIN INDEKSOWY - OKREŚLENIE RODZAJU/FORMY DOKUMENTU
Określenie rodzaju/formy dokumentu Ćwiczenia i zadania
942 ## - DODATKOWE ELEMENTY (KOHA)
Typ dokumentu Książka
Egzemplarze
Wycofany Status egzemplarza Uszkodzony Dostępność Lokalizacja stała Lokalizacja bieżąca Miejsce przechowywania Sygnatura Kod kreskowy Typ dokumentu
      Dostępny Biblioteka Politechniki Koszalińskiej Biblioteka Politechniki Koszalińskiej Wypożyczalnia BG 57754 01546422 Książka
© 2023 Biblioteka Politechniki Koszalińskiej :: KOHA